| 000 | 00365nam a2200157Ia 4500 | ||
|---|---|---|---|
| 008 | 210210b1904 xxu||||| |||| 00| 0 eng d | ||
| 041 | _aeng | ||
| 082 | _a822/45 | ||
| 100 | _aASCHAM (R) | ||
| 245 | _aEnglish works | ||
| 260 |
_aCambridge _bAt the University Press _c1904 |
||
| 650 | _aworks | ||
| 650 | _aEnglish | ||
| 690 | _aEnglish Prose | ||
| 906 | _a012231 | ||
| 999 |
_c131014 _d131014 |
||